Finance accounts, 1948-49 to 1954-55 and the audit report 1956 (Record no. 508823)

000 -LEADER
fixed length control field 00331nam a22001097a 4500
082 ## - DEWEY DECIMAL CLASSIFICATION NUMBER
Classification number L806x54 F/1948-49-1954-55/Pt3
100 ## - MAIN ENTRY--PERSONAL NAME
Personal name Central Government
9 (RLIN) 4338
245 ## - TITLE STATEMENT
Title Finance accounts, 1948-49 to 1954-55 and the audit report 1956
260 ## - PUBLICATION, DISTRIBUTION, ETC. (IMPRINT)
Place of publication, distribution, etc Delhi
Name of publisher, distributor, etc Manager of Publications
Date of publication, distribution, etc 1960
300 ## - PHYSICAL DESCRIPTION
Extent 428p.
500 ## - GENERAL NOTE
General note Part III 1954-55

No items available.

Powered by Koha